| 000 | 00530nam a22001577a 4500 | ||
|---|---|---|---|
| 999 |
_c130395 _d130395 |
||
| 008 | 200312b ||||| |||| 00| 0 eng d | ||
| 050 |
_aB4495.H32 _bE57 1964 |
||
| 100 |
_aHagerstrom, Axel _949604 |
||
| 245 |
_aPhilosophy and religion _cAxel hagerstrom translated by Robert T. Sandin |
||
| 260 |
_aLondon _bGeorge Allen and Unwin Ltd. _c1964 |
||
| 300 |
_a316p. ; _c22cm. |
||
| 440 |
_aMuirhead library of philosophy _911141 |
||
| 650 |
_aPhilosophy _949607 |
||
| 700 |
_aSandin, Robert T. (tr.) _949608 |
||
| 942 |
_2lcc _cMONOGRAPH |
||